ბათუმის შოთა რუსთაველის სახელმწიფო უნივერსიტეტის ბიბლიოთეკა

ნადია გელდიაშვილი (ბიბ.ჩანაწერი № 49936)

000 -LEADER
fixed length control field 00791nam a2200229Ia 4500
001 - CONTROL NUMBER
control field 16872
003 - CONTROL NUMBER IDENTIFIER
control field GE_BSU
008 - FIXED-LENGTH DATA ELEMENTS--GENERAL INFORMATION
fixed length control field 181216s||||||||xx |||||||||||||| ||und||
040 ## - CATALOGING SOURCE
Transcribing agency GE_BSU
080 ## - UNIVERSAL DECIMAL CLASSIFICATION NUMBER
Universal Decimal Classification number 371.12.011.31-051(479.22)
100 ## - MAIN ENTRY--PERSONAL NAME
Personal name ურჯუმელაშვილი, ვანო
245 ## - TITLE STATEMENT
Title ნადია გელდიაშვილი
245 ## - TITLE STATEMENT
Remainder of title ნარკვევი პედაგოგის შესახებ
260 ## - PUBLICATION, DISTRIBUTION, ETC.
Place of publication, distribution, etc. თბილისი
260 ## - PUBLICATION, DISTRIBUTION, ETC.
Name of publisher, distributor, etc. განათლება
260 ## - PUBLICATION, DISTRIBUTION, ETC.
Date of publication, distribution, etc. 1970
300 ## - PHYSICAL DESCRIPTION
Extent 21გვ. ; 18სმ.
653 ## - INDEX TERM--UNCONTROLLED
Uncontrolled term ნადია გელდიაშვილი
653 ## - INDEX TERM--UNCONTROLLED
Uncontrolled term პედაგოგიკა
653 ## - INDEX TERM--UNCONTROLLED
Uncontrolled term ქართველი მასწავლებლები
942 ## - ADDED ENTRY ELEMENTS (KOHA)
Koha item type წიგნი
ეგზემპლარები
Withdrawn status Lost status Damaged status Not for loan Date acquired Barcode Date last seen Price effective from Koha item type
        2018-12-17 21883 2018-12-17 2018-12-17 წიგნი